| 000 | 00662nam a2200193 i 4500 | ||
|---|---|---|---|
| 001 | bg | ||
| 100 | 1 | _aBUCHANAN, Bruce G. | |
| 245 | 0 |
_aRule-based expert systems : _bthe MYCIN experiments of the Stanford heuristic programming project / _ced. by B.G. Buchanan, E.H. Shortliffe. |
|
| 260 |
_aReading : _bAddison-Wesley, _c1984. |
||
| 490 | 1 | _aThe Addison-Wesley Series in Artificial Intelligence | |
| 650 | 9 | _aSystemy ekspertowe | |
| 700 | 1 | _aSHORTLIFFE, E. H. | |
| 830 | _aThe Addison-Wesley Series in Artificial Intelligence | ||
| 040 | _cBPK | ||
| 041 | _apol | ||
| 080 | _a004.891:001.5:61 | ||
| 942 | _cKS | ||
| 008 | s pl f |000 0 pol | ||
| 999 |
_c23534 _d23534 |
||
| 856 |
_uhttp://koha.tu.koszalin.pl/cgi-bin/koha/opac-detail.pl?biblionumber=23534 _yKatalog online BPK |
||